BIBLIOTHÈQUE DE LA MAISON DU MEXIQUE

Logo 1 Logo 2

Los primeros veinte años de la legación mexicana en Washington (notice nᵒ 4715)

détails MARC
000 -Sello discográfico
campo de control de longitud fija 01276nam a2200289 4500
005 - Identificación de versión
campo de control 20251016083857.0
035 ## - Otros números de control del sistema
Número de control del sistema 25283
099 ## - fechas locales
Tipo de ítem Koha LIBRO
100 ## - Datos de procesamiento general
Datos de procesamiento general 19990105d1995 m y1spay5003 ba
105 ## - Campo de datos codificados: Material textual, monográfico
Datos codificados de monografía y 001zy
200 1# - Título y mención de responsabilidad
Título propio Los primeros veinte años de la legación mexicana en Washington
Designación general del material texto impreso
Otra información del título Catálogo de documentos en el Archivo de la Embajada de México en los Estados Unidos de América
Primer mención de responsabilidad José Miguel Villaseñor Bello
210 ## - Publicación, distribución, etc.
Lugar de publicación, distribución, etc. México
Nombre del editor, distribuidor, etc. Universidad Nacional Autónoma de México, Instituto de Investigaciones Históricas
-- Instituto de Investigaciones Dr. José María Luis Mora
-- Consejo Nacional de Ciencia y Tecnología
Fecha de publicación, distribución, etc. 1995
215 ## - Descripción física
Designación de material específico y extensión del ítem 309 p
Dimensiones 28 cm
345 ## - Nota de información de adquisición
Fuente de adquisición/dirección de la suscripción [OBSOLETO] Donación del Instituto Mora
410 #1 - Series
Título Colección Carlos Bosch García
607 ## - Nombre geográfico utilizado como tema
Elemento de entrada Estados Unidos
Subdivisión temática Relaciones exteriores
Subdivisión geográfica México
Subdivisión temática Catálogos
Número Koha 9093
607 ## - Nombre geográfico utilizado como tema
Elemento de entrada México
Subdivisión temática Relaciones exteriores
Subdivisión geográfica Estados Unidos
Subdivisión temática Catálogos
Número Koha 9094
660 ## - Código de área geográfica
Código MX
700 ## - Nombre personal - Responsabilidad primaria
Elemento de entrada Villaseñor Bello
Parte del nombre distinta del elemento de entrada José Miguel
Número Koha 9095
801 #0 - Fuente de origen
Agencia cm
900 ## -
-- 1/19933
900 ## -
-- 710999748\\050199
942 ## - ELEMENTOS DE ENTRADA SECUNDARIOS (KOHA)
Tipo de ítem Koha Livre
996 ## -
-- MEX
-- 751145101
-- MMAG
-- 010007
-- 327.72 V726PR
-- 20240328LIV
Exemplaires
Estatus retirado Estado de daño Estado de pérdida Fecha de adquisición Biblioteca de origen Biblioteca actual Ubicación en estantería Código de barras Precio de reemplazo Signatura topográfica completa No para préstamo Tipo de ítem Koha Nota pública Nota no pública
      05/08/2025 Casa México Paris Casa México Paris   010007 05/08/2025 327.72 V726PR   Livre 20240328LIV 751145101